00337nam a2200121Ia 4500008004100000041000800041082001600049100001800065245004500083260004400128300003200172365001100204240624s9999 xx 000 0 und d aeng a658.452 ABR aABRAMS RHONDA aWINNING PRESENTATION IN A DAY GET IT DON c2007aNew DelhibPrentice-Hall of India axvii, : 210 : p. : cm. ; 23 cRSb35